000 00749cab a2200181 4500
001 ##L132105
008 060110n2006 000 0 eng u
035 _a(Sirsi) u132105
041 0 _aeng
100 1 _aDowning, Chris
245 0 0 _aDown to business
260 _c2006
490 0 _aFire Prevention Fire Engineers Journal
_v264 January 2006, 45-66(3)
520 _aArgues that the fire risks in on-site kitchens and data network infrastructures are growing in significance, and are not being properly addressed by employers and building managers. Examines the type and magnitude of these risks, and discusses appropriate fire protection measures.
590 _aIKA170106
690 _aMANAGEMENT-HEALTH AND SAFETY-FIRE SAFETY
942 _n0
999 _c76326
_d76326